00945nam a2200229 a 450000100100000000500170001000800410002704000250006808200200009310000390011324500710015226000470022330000270027059000260029765000280032365000310035170000320038291000420041495201180045695201240057499900170069800001743320240412074247.0100324s1982 dr a r 000 p spa d aDO-SdBNPbspacBNPHU aRD861.44bF673a1 aFondeur de Miguel, Aura Luz93811710aAlas de mi conciencia /cAura Luz de Miguel ; prólogo Leo Beato. a[Santo Domingo] :bAmigo del Hogar,c1982. a76 p. :bil. ;c22 cm. aInventariado, 2018/BT 0aPoesía dominicana966 0aLiteratura dominicana.9671 aBeato, Leo,epról.922605 aValidado. Control de calidad. MMOLINA 0010718PDaPDbPDcHDd2010-03-24iLF1l0oRD861.44 F673ap17433-10r2020-06-25w2020-06-25yLFPDZNo se presta 0011718PDaPDbPDcMId2011-04-18iLF1l0oRD861.44 F673ap17433-20r2020-06-25te. 2w2020-06-25yLFPDZNo se presta c16958d16958